Miasta z największą ilością sklepów Stokrotka - Statystyki

Ogólne statystyki
  • Ten quiz został rozwiązany 23 razy
  • Średni wynik to 28 z 42
Statystyki odpowiedzi
Hint Odpowiedź % Poprawnych
9 Gdańsk
100%
5 Katowice
100%
12 Poznań
100%
42 Warszawa
100%
15 Kraków
95%
38 Łódź
95%
4 Rzeszów
95%
8 Wrocław
95%
16 Białystok
90%
10 Bydgoszcz
90%
81 Lublin
90%
7 Olsztyn
90%
7 Radom
90%
7 Gdynia
86%
5 Sosnowiec
86%
6 Opole
81%
7 Szczecin
81%
4 Toruń
81%
6 Chełm
76%
4 Gliwice
76%
6 Gorzów Wielkopolski
76%
5 Suwałki
76%
5 Tarnów
76%
6 Zamość
76%
14 Koszalin
67%
6 Dąbrowa Górnicza
62%
5 Łomża
57%
4 Rybnik
57%
12 Tychy
57%
4 Wałbrzych
57%
4 Stalowa Wola
48%
6 Świdnik
48%
5 Kołobrzeg
43%
8 Puławy
43%
4 Łęczna
33%
4 Biłgoraj
29%
5 Włocławek
29%
4 Sanok
24%
5 Tomaszów Lubelski
24%
5 Otwock
19%
4 Żory
14%
4 Bartoszyce
5%
Nie znaleziono quizów pasujących do podanych kryteriów
Rozkład punktacji
Procent ludzi z każdym wynikiem
Percentyl według liczby udzielonych odpowiedzi
Twoja historia wyników
Nie rozwiązałeś tego quizu